000 00326nam a2200157Ia 4500
100 _aKavandikar/R.G.
650 _aElectrical Engineering
490 _v1
942 _cBK
654 _aelectricity
245 _aBasic electricity
260 _bNandu Pub
_aPune
_c1998
300 _a216
546 _aENGLISH
999 _c35675
_d35675